Šlechtění masných plemen skotu /

Hlavní autor: Jakubec, Václav, 1930-
Další autoři: Říha, Jan, 1949-2004, Golda, Josef, 1943-
Jazyk: Čeština
Vydáno: Rapotín : Výzkumný ústav pro chov skotu, 1998
Témata:
Fyzický popis: 177 s. ; 20 cm
Knihy
Uloženo v:
LEADER 01236nam a2200325 a 4500
001 000401553
003 CZ BrMZK
005 20210318140245.0
007 ta
008 980115s1998 xr e f cze d
015 |a cnb000653131 
035 |a (OCoLC)41530742 
040 |a BOA001  |b cze 
072 7 |a 636  |x Chov zvířat. Živočišná výroba  |2 Konspekt  |9 24 
080 |a 636.2.033  |2 MRF 
080 |a 636.082.2  |2 MRF 
080 |a (035)  |2 MRF 
100 1 |a Jakubec, Václav,  |d 1930-  |7 jk01050707  |4 aut 
245 1 0 |a Šlechtění masných plemen skotu /  |c Jakubec Václav, Golda Josef, Říha Jan. 
260 |a Rapotín :  |b Výzkumný ústav pro chov skotu,  |c 1998 
300 |a 177 s. ;  |c 20 cm 
500 |a Účelová odborná publikace pro chovatele, výzkumné pracovníky, doktorandy a studenty. - Bibliogr. 
650 0 7 |a masný skot  |7 ph115234  |2 czenas 
650 0 7 |a šlechtění hospodářských zvířat  |7 ph127829  |2 czenas 
655 7 |a příručky  |7 fd133209  |2 czenas 
700 1 |a Říha, Jan,  |d 1949-2004  |7 xx0010342  |4 aut 
700 1 |a Golda, Josef,  |d 1943-  |7 jn20000400786  |4 aut 
910 |a BOA001  |b 2-1056.773 
990 |a BK 
996 6 |b 2610088402  |c 2-1056.773  |l MZK  |r Sklad / do 1 hodiny  |n 5  |p p.v.  |w 000401553  |u 000010  |a 1  |e BOA001  |j MZK50  |s P